| 000 | 00564nam a2200157Ia 4500 | ||
|---|---|---|---|
| 008 | 220216s9999 xx 000 0 und d | ||
| 100 | _aThomas E.V. | ||
| 245 | 0 | _aEffect of non-rubber solids and stabilizing agents on radiation vulcanization of natural rubber latex | |
| 260 |
_bProceedings of the International Symposium on Radiation Vulcanization of Natural Rubber Latex, 1990, Japan, pp. 178-188. _c1990 |
||
| 650 | _aLatex | ||
| 650 | _aNatural rubber | ||
| 650 | _aNon rubber solid | ||
| 650 | _aRadiation vulcanization | ||
| 650 | _aRVNRL | ||
| 942 | _cBS | ||
| 999 |
_c51085 _d51085 |
||